000 00974nam a22002657a 4500
005 20120823101658.0
008 120823t xxu||||| |||| 00| 0 eng d
010 _aENG-105602
020 _a9789350176146
_c395.00
035 _aEN-89135
037 _bDBAD/PUB
040 _aDPL
_bEng
082 _a303.40954
100 _951282
245 _aSocial change in India from 1900-50 /
_cedited by Gurdip Sharma, Jaspal Singh [and] Suresh Sharma
260 _aChandigarh
_bUnistar Books
_c2012
270 _aS.C.O.26-27, Sector 34A
_bChandigarh
_e160022
300 _axii,195p.
_c24cm(Hb)
500 _aIncludes bibliographical references
700 _aSharma, Gurdip
_951380
700 _aJaspal Singh
_951381
700 _aSuresh Kumar
_951382
942 _2ddc
_cEN
_mSOC
_h303.40954
999 _c69220
_d69220